Central Library OPAC University of Rajshahi
Normal view MARC view

Entry Topical Term

Number of records used in: 4

001 - CONTROL NUMBER

  • control field: 6605

003 - CONTROL NUMBER IDENTIFIER

  • control field: BD-RjUL

005 - DATE AND TIME OF LATEST TRANSACTION

  • control field: 20230117111917.0

008 - FIXED-LENGTH DATA ELEMENTS

  • fixed length control field: 230117|| aca||aabn | a|a d

040 ## - CATALOGING SOURCE

  • Original cataloging agency: BD-RjUL
  • Transcribing agency: BD-RjUL

150 ## - HEADING--TOPICAL TERM

  • Topical term or geographic name entry element: Worship (Islam)

670 ## - SOURCE DATA FOUND

  • Source citation: Work cat.: (BD-RjUL)81087: Kararah, Abbas كراره، عباس 6604, كتاب الدين والحج على المذاهب الأربعة : يشتمل على جميع مناسك الحج والزيارة بالصور يحتوي على شرح لقواعد الإسلام الخمس بالآيات والأحاديث وهي : الشهادة والصلاة والزكاة والصوم والحج كتاب الدين والحج على المذاهب الأربعة : يشتمل على جميع مناسك الحج والزيارة بالصور يحتوي على شرح لقواعد الإسلام الخمس بالآيات والأحاديث وهي : الشهادة والصلاة والزكاة والصوم والحج / Kitab al-din wa-al-hajj `ala al-madhahib al-arba`ah : yashtamil `ala jami` manasik al-hajj wa-al-ziyarah bi-al-suwar yahtawi `ala sharh li-qawa`id al-Islam al-khams bi-al-ayat wa-al-ahadith wa-hiya : al-shahadah wa-al-salah wa-al-zakah wa-al-sawm wa-al-hajj /, 1370 [1951]